Zamilovaný Shakespeare : třetí inscenace sedmdesáté druhé sezóny 2016/2017 : premiéra 12. a 13. listopadu 2016 na Činoherní scéně /

Korporativní autor: Městské divadlo Brno. Činoherní scéna
Další autoři: Drábek, Pavel, 1974-, Kačer, Tomáš, 1979-, Šotkovský, Jan, 1982-, Sloupová, Jitka, 1953-, Hall, Lee, 1966-
Jazyk: Čeština
Vydáno: Brno : Městské divadlo Brno, [2016]
Témata:
Externí odkaz: Digitalizovaný dokument
Fyzický popis: 181 stran, 16 nečíslovaných stran obrazových příloh : ilustrace (některé barevné), portréty, faksimile ; 15 cm
Knihy
Uloženo v:
LEADER 03440nam a2200757 i 4500
001 nkc20162858886
003 CZ PrNK
005 20170208075358.0
007 ta
008 161130s2016 xr acfhe 000 0dcze
020 |a 978-80-270-1092-9  |q (v knize neuvedeno ;  |q brožováno) 
040 |a BOA001  |b cze  |e rda 
041 1 |a cze  |h eng 
043 |a n-us---  |a e-uk---  |a e-xr---  |b e-xr-jm  |2 czenas 
045 |a x-y1 
072 7 |a 792  |x Divadlo. Divadelní představení  |2 Konspekt  |9 3 
080 |a 791.2  |2 MRF 
080 |a 792=025  |2 MRF 
080 |a 792.2  |2 MRF 
080 |a (73)  |2 MRF 
080 |a (410)  |2 MRF 
080 |a (437.322)  |2 MRF 
080 |a (083.97)  |2 MRF 
080 |a (0:82-2)  |2 MRF 
245 0 0 |a Zamilovaný Shakespeare :  |b třetí inscenace sedmdesáté druhé sezóny 2016/2017 : premiéra 12. a 13. listopadu 2016 na Činoherní scéně /  |c texty Pavel Drábek, Tomáš Kačer, Jan Šotkovský 
246 1 8 |a M. Norman, T. Stoppard, L. Hall - Zamilovaný Shakespeare 
264 1 |a Brno :  |b Městské divadlo Brno,  |c [2016] 
300 |a 181 stran, 16 nečíslovaných stran obrazových příloh :  |b ilustrace (některé barevné), portréty, faksimile ;  |c 15 cm 
336 |a text  |b txt  |2 rdacontent 
337 |a bez média  |b n  |2 rdamedia 
338 |a svazek  |b nc  |2 rdacarrier 
500 |a Částečně přeloženo z angličtiny 
504 |a Obsahuje bibliografii 
505 2 |a Zamilovaný Shakespeare / filmový scénář Marc Norman a Tom Stoppard ; jevištní adaptace Lee Hall ; z anglického originálu Shakespeare in love přeložila Jitka Sloupová 
500 |a Dostupné též v digitální podobě v aplikaci Kramerius 
610 2 7 |a Městské divadlo Brno.  |b Činoherní scéna  |7 mzk2006318325  |2 czenas 
648 7 |a 20. století  |7 ch460558  |2 czenas 
648 7 |a 2011-2020  |7 ch460589  |2 czenas 
648 7 |a 2016  |7 ch967318  |2 czenas 
650 0 7 |a filmy  |7 ph120215  |z Spojené státy americké  |y 20. století  |2 czenas 
650 0 7 |a filmy  |7 ph120215  |z Velká Británie  |y 20. století  |2 czenas 
650 0 7 |a divadelní adaptace  |7 ph117224  |2 czenas 
650 0 7 |a činohry  |7 ph128179  |z Česko  |y 2011-2020  |2 czenas 
650 0 9 |a films  |z United States  |y 20th century  |2 eczenas 
650 0 9 |a films  |z Great Britain  |y 20th century  |2 eczenas 
650 0 9 |a stage adaptations  |2 eczenas 
650 0 9 |a drama stages  |z Czechia  |y 2011-2020  |2 eczenas 
651 7 |a Brno (Česko)  |7 ge134084  |2 czenas 
651 9 |a Brno (Czechia)  |2 eczenas 
655 7 |a divadelní programy  |7 fd132033  |2 czenas 
655 7 |a dramata  |7 fd132072  |2 czenas 
655 9 |a playbills  |2 eczenas 
655 9 |a drama  |2 eczenas 
700 1 |a Drábek, Pavel,  |d 1974-  |7 ola20040422002  |4 wfw 
700 1 |a Kačer, Tomáš,  |d 1979-  |7 xx0083021  |4 wfw 
700 1 |a Šotkovský, Jan,  |d 1982-  |7 mzk2005309113  |4 wfw 
700 1 |a Sloupová, Jitka,  |d 1953-  |7 mzk2003170575  |4 trl 
700 1 2 |a Hall, Lee,  |d 1966-  |t Shakespeare in love.  |l Česky.  |s Libreto 
710 2 |a Městské divadlo Brno.  |b Činoherní scéna  |7 mzk2006318325  |4 orm 
856 4 1 |u http://www.digitalniknihovna.cz/mzk/uuid/uuid:301d7090-8dca-11ee-9424-0050568d319f  |y Digitalizovaný dokument  |x NDK 
910 2 |a BOA001  |b S-1378.086 
990 |a BK 
995 |a 11 
991 |b 201701  |c NOV 
996 6 |b 2610689830  |c S-1378.086  |l MZK  |r Sklad / do 24 hodin  |n 1  |p p.v.  |w 001590584  |u 000010  |a 1  |e BOA001  |j MZK50  |s P 
996 6 |b 2610689831  |c S-1378.086  |l MZK  |r Sklad / do 24 hodin  |n 0  |p p.v.  |w 001590584  |u 000020  |a 1  |e BOA001  |j MZK50  |s P